<?xml version="1.0" encoding="UTF-8"?>
<collection xmlns="http://www.loc.gov/MARC21/slim">
  <record>
    <leader>00000nam  2200000   4500</leader>
    <controlfield tag="001">INLIS000000000020656</controlfield>
    <controlfield tag="005">20250728014859</controlfield>
    <datafield tag="035" ind1="#" ind2="#">
      <subfield code="a">0010-0725000186</subfield>
    </datafield>
    <controlfield tag="007">ta</controlfield>
    <controlfield tag="008">250728################|##########|#|##</controlfield>
    <datafield tag="084" ind1="#" ind2="#">
      <subfield code="a">R 0031 PKA 2024</subfield>
    </datafield>
    <datafield tag="100" ind1=" " ind2="#">
      <subfield code="a">Edi Yanto</subfield>
    </datafield>
    <datafield tag="245" ind1="1" ind2="#">
      <subfield code="a">Implementasi Digital Workspace Untuk Meningkatkan Layanan Kehumasan Kementerian Koperasi dan UKM /</subfield>
      <subfield code="c">Edi Yanto</subfield>
    </datafield>
    <datafield tag="260" ind1="#" ind2="#">
      <subfield code="a">Jakarta :</subfield>
      <subfield code="b">Pusbangkom Pimnas dan Manajerial ASN,</subfield>
      <subfield code="c">2024</subfield>
    </datafield>
    <datafield tag="300" ind1="#" ind2="#">
      <subfield code="a">28 hlm. ;</subfield>
      <subfield code="c">30 cm</subfield>
    </datafield>
    <datafield tag="650" ind1="#" ind2="4">
      <subfield code="a">Digital Workspace</subfield>
    </datafield>
    <datafield tag="520" ind1="#" ind2="#">
      <subfield code="a">Digital workshace mengadopsi cara kerja remote dan kolaboratif, sebagai wadah para pegwai untuk bekerja bersama, berkolaborasi dan berkomunikasi secara efektif dimana saja dan kapan saja, Manfaatnya komunikasi dan penyiapan bahan publikasi program dan kegiatan Kementerian Koperasi dan UKM kepada publik lebih efektif dan efisien, sehingga citra baik instansi dapat terus terjaga serta bagi pemangku kepentingan mendapatkan informasi terkait program dan kegiatan Kementerian Koperasi dan UKM secara cepat, tepat, dan akurat.</subfield>
    </datafield>
    <datafield tag="990" ind1="#" ind2="#">
      <subfield code="a">2024/1.2.3/A/0031</subfield>
    </datafield>
  </record>
</collection>
